Sports Quiz

Random Sports or State Quiz
Score 0/68 Timer 05:00
0 Plays Today
% Correct
Arizona
96.9%
Colorado State
94.5%
Florida
94.2%
Illinois
93.7%
Colorado
93.7%
Iowa State
93.4%
Minnesota
93.3%
Mississippi
93.3%
Florida Gulf Coast
93.3%
Oregon
93.2%
Missouri
92.7%
Michigan State
92.7%
Montana
92.5%
Miami
92.4%
Oklahoma State
92.3%
Kansas
92.3%
New Mexico
92.2%
New Mexico State
92.2%
Michigan
92.2%
Cincinnati
92.1%
Ohio State
92%
North Carolina
91.9%
North Carolina A&T
91.8%
Boise State
91.7%
Oklahoma
90.8%
South Dakota State
90.1%
Akron
89.4%
Louisville
89.3%
San Diego State
88.7%
Kansas State
88.5%
California
87.9%
Duke
87.7%
UNLV
87.1%
Syracuse
86.7%
% Correct
Saint Louis
83.4%
Indiana
83%
Pittsburgh
82.5%
Wisconsin
81.1%
UCLA
80.8%
Georgetown
80.8%
Harvard
80.8%
Wichita State
80.7%
WKU
80.4%
Memphis
79.9%
Albany
79.3%
NC State
78.2%
Notre Dame
78%
Long Island
77.7%
Pacific
77.2%
Marquette
75.6%
VCU
73.9%
Gonzaga
73.8%
Butler
72.8%
Davidson
71.5%
Saint Mary's
69%
Temple
66.9%
Iona
66%
Bucknell
64.1%
Villanova
63.2%
Valparaiso
62.9%
James Madison
56.8%
Belmont
55.6%
Creighton
54.8%
MTSU
53.2%
Liberty
48.4%
La Salle
46%
Southern
44.3%
Northwestern State
37.2%
Remove Ads.
Support Sporcle.
Get the best of Sporcle when you Go Orange. This ad-free experience offers more features, more stats, and more fun while also helping to support Sporcle. Thank you for becoming a member.

You're not logged in!

Compare scores with friends on all Sporcle quizzes.
OR
Log In

Sporcle TV

Today on Sporcle TV


Watch our educational content, quiz creation guides, and fun videos on Sporcle TV.

Show Comments

Extras

Top Quizzes Today


Score Distribution

Paid Content

Your Account Isn't Verified!

In order to create a playlist on Sporcle, you need to verify the email address you used during registration. Go to your Sporcle Settings to finish the process.

Report this User

Report this user for behavior that violates our Community Guidelines.

Details: